000 01553nam a2200289 a 4500
001 000036187
005 20200930074934.0
008 120111s2008 sp a 000 0 spa d
020 _a9788483470626
040 _aDO-SdBNP
_bspa
_cBNPHU
110 2 _ak.b.zonas
_962229
245 1 0 _aSuite sweet love :
_bnacimiento del surromanticismo /
_ctextos: k.b.zonas, María Escribano, Fernando Castro ; fotografía: archivo k.b.zonas, Félix Lorrio, Manuel Zambrana.
260 _a[Madrid] :
_bAgencia Española de Cooperación Internacional para el Desarrollo,
_c2008.
300 _a107 p. :
_bil. a color ;
_c15 cm.
520 _aProyecto colectivo artístico que integra la fotografía, el vídeo, la escultura y las instalaciones y que pretende, de un modo valiente, fomentar el diálogo intercultural y social y afrontar la importancia de la igualdad en la educación sentimental de hombres y mujeres con el fin de evitar situaciones de confrontación y maltrato.
585 _aExposición itinerante presentada en los países que tienen representación española en el exterior.
650 2 4 _aArte contemporáneo
_vEXPOSICIONES
_962230
650 2 4 _aArte y feminismo
_vEXPOSICIONES
_962231
650 2 4 _aArte y género
_vEXPOSICIONES
_962232
650 2 4 _aInstalaciones (arte)
_vEXPOSICIONES
_962233
700 1 _aLazaga, Noni
_962234
700 1 _aFranco, Belén
_962235
700 1 _aEscribano, María
_etext.
_962236
700 1 _aCastro, Fernando,
_etext.
_947664
700 1 _aLorrio, Félix,
_efot.
_962237
700 1 _aZambrana, Manuel,
_efot.
_962238
999 _c35678
_d35678